Shades of: Green Quiz Stats

Quiz not verified by Sporcle

Also try: Shades of: Blue
Challenge
Share
Tweet
Embed
Score 0/15 Timer 05:00
0 Plays Today
Hint Answer % Correct
OOlive
85.7%
EEmerald
82.5%
LLime
77.8%
HHunter
61.9%
MMint
61.9%
MMoss
54%
SSage
50.8%
SShamrock
46%
Hint Answer % Correct
CChartreuse
46%
AAvocado
44.4%
PPear
44.4%
PPistachio
41.3%
SSeafoam
39.7%
JJuniper
38.1%
MMyrtle
34.9%

You're not logged in!

Compare scores with friends on all Sporcle quizzes.
Sign Up with Email
OR
Log In

You Might Also Like...

Show Comments

Extras

Top Quizzes Today


Score Distribution

Your Account Isn't Verified!

In order to create a playlist on Sporcle, you need to verify the email address you used during registration. Go to your Sporcle Settings to finish the process.